Del patrón - Estado al Estado - patrón : (Registro nro. 35888)
[ vista simple ]
| 000 -CABECERA | |
|---|---|
| Longitud fija campo de control | 01116nam a2200265 4500 |
| 003 - • IDENTIFICADOR DELl NÚMERO DE CONTROL | |
| Identificador del número de control | CO-ViMGA |
| 020 ## - • NÚMERO INTERNACIONAL NORMALIZADO PARA LIBROS | |
| Número Internacional Normalizado para Libros (ISBN) | 9789587752649 |
| 040 ## - FUENTE DE LA CATALOGACIÓN | |
| Centro catalogador de origen | CO-ViMGA |
| Lengua de catalogación | spa |
| Centro transcriptor | CO-ViMGA |
| 082 04 - • NÚMERO DE LA CLASIFICACIÓN DECIMAL DEWEY | |
| Número de clasificación (R) | 306.365 |
| Número del ítem | Y42e |
| 100 1# - • PUNTO DE ACCESO PRINCIPAL-NOMBRE DE PERSONA | |
| Nombre de persona | Yie Garzón, Soraya Maite, |
| Fechas asociadas al nombre | 1976 |
| 245 10 - • TITULO PROPIAMENTE DICHO | |
| Título | Del patrón - Estado al Estado - patrón : |
| Resto del título | la agencia campesina en las narrativas de la reforma agraria en Nariño / |
| Mención de responsabilidad, etc. | Soraya Maite Yie Garzón. |
| 300 ## - • DESCRIPCIÓN FÍSICA | |
| Extensión | 312 p. : |
| Otras características físicas | il, fotografías; 24 cm. |
| 490 ## - • MENCIÓN DE SERIE | |
| Mención de serie | Colección academica. |
| 504 ## - • NOTA DE BIBLIOGRAFÍA, ETC | |
| Nota de bibliografía, etc. | Incluye referencias bibliográficas. |
| 650 14 - • PUNTO DE ACCESO ADICIONAL DE MATERIA - TÉRMINO DE MATERIA | |
| Término de materia o nombre geográfico como elemento inicial | Aparcería. |
| 650 14 - • PUNTO DE ACCESO ADICIONAL DE MATERIA - TÉRMINO DE MATERIA | |
| Término de materia o nombre geográfico como elemento inicial | Arrendador y arrendatario. |
| 650 14 - • PUNTO DE ACCESO ADICIONAL DE MATERIA - TÉRMINO DE MATERIA | |
| Término de materia o nombre geográfico como elemento inicial | Distribución de tierras - Nariño - Colombia. |
| 650 14 - • PUNTO DE ACCESO ADICIONAL DE MATERIA - TÉRMINO DE MATERIA | |
| Término de materia o nombre geográfico como elemento inicial | Hacienda de Bomboná - Consacá - Nariño - Colombia. |
| 650 14 - • PUNTO DE ACCESO ADICIONAL DE MATERIA - TÉRMINO DE MATERIA | |
| Término de materia o nombre geográfico como elemento inicial | Historia oral - Colombia. |
| 650 14 - • PUNTO DE ACCESO ADICIONAL DE MATERIA - TÉRMINO DE MATERIA | |
| Término de materia o nombre geográfico como elemento inicial | Instituto Colombiano de la Reforma Agraria. |
| 650 14 - • PUNTO DE ACCESO ADICIONAL DE MATERIA - TÉRMINO DE MATERIA | |
| Término de materia o nombre geográfico como elemento inicial | Movimientos campesinos. |
| 650 14 - • PUNTO DE ACCESO ADICIONAL DE MATERIA - TÉRMINO DE MATERIA | |
| Término de materia o nombre geográfico como elemento inicial | Reforma agraria - Historia - Nariño - Colombia. |
| 942 ## - ENTRADA DE ELEMENTOS AGREGADOS (KOHA) | |
| Koha [por defecto] tipo de item | LIbro |
| Perdido | Estado Físico | No para préstamo | Forma de adquisición | Localización permanente | Localización actual | Fecha adquisición | Préstamos totales | Signatura completa | Código de barras | Fecha última consulta | Número de copia | Fecha del precio de reemplazo | Tipo de item de Koha | Fuente de clasificación o esquema | Localización en estanterías |
|---|---|---|---|---|---|---|---|---|---|---|---|---|---|---|---|
| Colección General | Biblioteca Pública Puerto López - Jorge Eliecer Gaitán | Biblioteca Pública Puerto López - Jorge Eliecer Gaitán | 05/06/2025 | 306.365 Y42e | PLZ00205 | 05/06/2025 | Ej.1 | 05/06/2025 | LIbro | Dewey Decimal Classification | General | ||||
| Colección General | Biblioteca Pública Acacias - Carlos María Hernández Rojas | Biblioteca Pública Acacias - Carlos María Hernández Rojas | 05/07/2025 | 333.310986158 Y43d | ACA02512 | 05/07/2025 | Ej.1 | 05/07/2025 | LIbro | Dewey Decimal Classification | General | ||||
| Sala General Segundo Piso | Biblioteca Pública Germán Arciniegas - Villavicencio | Biblioteca Pública Germán Arciniegas - Villavicencio | 09/01/2016 | 306.365 Y42e | 30516 | 09/01/2016 | Ej. 1 | 09/01/2016 | LIbro |